| 000 | 00427nam a2200169Ia 4500 | ||
|---|---|---|---|
| 008 | 130318s9999 xx 000 0 und d | ||
| 020 | _a74637134 | ||
| 082 | _a658.05 LEO/E | ||
| 100 | _aLeon, Alexis | ||
| 245 | _aERP demystified | ||
| 260 |
_bTata McGraw Hill _aNew Delhi _c2004 |
||
| 300 | _a485 | ||
| 650 | _aBUSINESS PLANNING | ||
| 650 | _aENTERPRISE RESOURCE PLANNING | ||
| 650 | _aERP | ||
| 650 | _aINFORMATION MANAGEMENT | ||
| 999 |
_c926 _d926 |
||